Integrovaná bezpečnosť 2012 zborník príspevkov z medzinárodnej vedeckej konferencie, 30. november 2012, Kočovce, Slovakia
| Corporate Author: | |
|---|---|
| Other Authors: | , |
| Format: | Conference Proceeding Software eBook |
| Language: | Slovak Czech English |
| PhysicalDescription: | 1 elektronický optický disk (CD-ROM) fareb. 12 cm |
| Published: |
Trnava
AlumniPress
2012
|
| ISBN: | 9788080961817 (elektronická kniha) |
| Edition: | 1. vyd. |
| Subjects: |
MARC
| LEADER | 00000nam a2200000 a 4500 | ||
|---|---|---|---|
| 001 | vtls010489229 | ||
| 003 | SK-MaSNL | ||
| 005 | 20260302050154.0 | ||
| 007 | co cg auuua | ||
| 008 | 130211s2012 xo | fs 100 0 slo | ||
| 015 | |a SNBS2014 | ||
| 020 | |a 9788080961817 (elektronická kniha) | ||
| 040 | |a SNK |b slo |c SNK |e AACR2 | ||
| 041 | 0 | |a slo |a cze |a eng | |
| 044 | |a xo |c SK | ||
| 072 | 7 | |a 614.8 |x Úrazy a ich prevencia |2 konspekt | |
| 072 | 7 | |a 331 |x Práca |2 konspekt | |
| 080 | |a 614.8 |2 2001 | ||
| 080 | |a 005.934 |2 2001 | ||
| 080 | |a 331.45 |2 2001 | ||
| 080 | |a (062.534) |2 2001 | ||
| 080 | |a (0.034.44) |2 2001 | ||
| 111 | 2 | |a Integrovaná bezpečnosť |d (2012 : |c Kočovce, Slovensko) |9 169498 | |
| 245 | 1 | 0 | |a Integrovaná bezpečnosť 2012 |h elektronický zdroj |b zborník príspevkov z medzinárodnej vedeckej konferencie, 30. november 2012, Kočovce, Slovakia |c editori Ivana Tureková, Karol Balog |
| 246 | 1 | 1 | |a Integral Safety 2012 |b proceedings from international science conference |
| 250 | |a 1. vyd. | ||
| 260 | |a Trnava |b AlumniPress |c 2012 | ||
| 300 | |a 1 elektronický optický disk (CD-ROM) |b fareb. |c 12 cm | ||
| 500 | |a Názov z titulnej obrazovky | ||
| 504 | |a Bibliogr. odkazy | ||
| 516 | |a Textový dokument (zborník), súbor vo formáte pdf | ||
| 538 | |a Technické požiadavky: PDF prehliadač | ||
| 546 | |a Text čiast. aj angl., čes. | ||
| 650 | 0 | 7 | |a bezpečnostné inžinierstvo |2 SNKPH |9 69653 |
| 650 | 0 | 7 | |a bezpečnostný manažment |2 SNKPH |9 927 |
| 650 | 0 | 7 | |a bezpečnosť práce |2 SNKPH |9 1296 |
| 650 | 0 | 7 | |a Safety engineering |2 SNKPHeng |9 338388 |
| 650 | 0 | 7 | |a Safety management |2 SNKPHeng |9 276238 |
| 650 | 0 | 7 | |a Industrial safety |2 SNKPHeng |9 267226 |
| 655 | 7 | |a elektronické zdroje |2 SNKPH |9 90954 | |
| 655 | 7 | |a CD-ROM |2 SNKPH |9 70236 | |
| 655 | 7 | |a zborníky konferencií |2 SNKPH |9 70153 | |
| 655 | 7 | |a Electronic resources |2 SNKPHeng |9 175546 | |
| 655 | 7 | |a Proceedings of conferences |2 SNKPHeng |9 265791 | |
| 700 | 1 | |a Tureková, Ivana, |d 1960- |4 edt |9 225744 | |
| 700 | 1 | |a Balog, Karol, |d 1949- |4 edt |9 213978 | |
| 710 | 2 | |a Slovenská technická univerzita v Bratislave. |b Materiálovotechnologická fakulta v Trnave |4 pbl |9 76122 | |
| 919 | |a 978-80-8096-181-7 | ||
| 958 | |a NB | ||
| 999 | |c 1096113 |d 1098043 | ||
| 952 | |a SNK |b SNK |y PREZ |7 0 |p 17A1062385 |o snkSCDM 5302 |i snk2013/3070 |8 0 |0 0 |1 0 |4 0 |d 2013-02-11 |l 0 |r 2026-02-24 17:13:34 |w 2026-02-24 | ||
| 952 | |t snkINT 005.934 |a SNKMST |b SNKMST |y PREZ |7 0 |p 17A1062386 |o snkSCDM 5302 D1 |i snk2013/3071 |8 0 |0 0 |1 0 |4 0 |d 2013-02-11 |l 0 |r 2025-08-11 00:00:00 |w 2026-02-24 | ||


